Poistný sektor a nestabilita finančného systému
Zhodnotenie fungovania poistného sektora z hľadiska jeho činnosti a možných vplyvov na vznik finančnej nestability v globálnom meradle a na pravdepodobnosť vzniku takejto nestability v budúcnosti.
Uložené v:
| Hlavný autor: | |
|---|---|
| Médium: | Kapitola |
| Jazyk: | Slovak |
| Predmet: | |
| Tagy: |
Žiadne tagy, Buďte prvý, kto otaguje tento záznam!
|
MARC
| LEADER | 00000nla$a2200000$$$4500 | ||
|---|---|---|---|
| 001 | 0122831 | ||
| 005 | 20240502072404.7 | ||
| 041 | 0 | |a slo | |
| 044 | |a SK | ||
| 245 | 1 | 0 | |a Poistný sektor a nestabilita finančného systému |c Peter Marko |
| 520 | |a Zhodnotenie fungovania poistného sektora z hľadiska jeho činnosti a možných vplyvov na vznik finančnej nestability v globálnom meradle a na pravdepodobnosť vzniku takejto nestability v budúcnosti. | ||
| 610 | 2 | 0 | |a kríza finančná |
| 610 | 2 | 0 | |a poisťovníctvo |
| 610 | 2 | 0 | |a stabilita finančná |
| 100 | 1 | |a Marko, Peter | |